000 00601nam a22001697a 4500
003 MACL
005 20160719142914.0
008 160719b xxu||||| |||| 00| 0 eng d
040 _cMACL
041 _aHindi
082 _a320
100 _aकुमार, पवन
_951620
245 _aभारतीय राजनीति की दिशा एवं दश्‍ाा
_cपवन कुमार
260 _aनई दिल्‍ली
_bवंदना पब्लिकेशन्‍स
_c2011
650 _aरजनीति विज्ञान
_934242
942 _2ddc
_cHIN
999 _c54457
_d54457